000
00319nam a2200133Ia 4500
008
191201s1999 xx 000 0 und d
082
_a
621.31042
_b
DEE
100
_a
DEKKER, A J
245
0
_a
Electrical Engineering Materials
260
_a
N.Delhi
_b
PHI
_c
1999
300
_a
208
650
_a
B.Tech(ECE)
942
_2
ddc
_c
BK
999
_c
948
_d
948